| 000 | 00446cam a2200169ua 4500 | ||
|---|---|---|---|
| 020 | _a0471 88357 3 | ||
| 041 |
_aeng _h |
||
| 082 |
_a581.31 _bJEA/MA |
||
| 100 | _aJean, Roger V . | ||
| 245 |
_aMathematical approach to pattern and form in plant growth / _cRoger V Jean. _hTextual Documents |
||
| 250 |
_a1 / _b. |
||
| 260 |
_aNewyork : _bJohn Wiley & Sons , _c1984. |
||
| 300 | _a222 ; . | ||
| 504 | _a | ||
| 942 | _cBK | ||
| 999 |
_c9285 _d9285 |
||